Commonwealth literature / (Record no. 18199)
[ view plain ]
| 000 -LEADER | |
|---|---|
| fixed length control field | 00848nam a2200277 a 4500 |
| 001 - CONTROL NUMBER | |
| control field | 18199 |
| 003 - CONTROL NUMBER IDENTIFIER | |
| rucl marc code | BD-RjUL |
| 005 - DATE AND TIME OF LATEST TRANSACTION | |
| control field | 20211209000242.0 |
| 008 - FIXED-LENGTH DATA ELEMENTS--GENERAL INFORMATION | |
| fixed length control field | 140219s1979 enk b 000 0 eng d |
| 020 ## - INTERNATIONAL STANDARD BOOK NUMBER | |
| International Standard Book Number | 0333283562 |
| 035 ## - SYSTEM CONTROL NUMBER | |
| System control number | (BD-RjUL)18257 |
| System control number | (OCoLC)7374671 |
| 040 ## - CATALOGING SOURCE | |
| Original cataloging agency | DLC |
| Language of cataloging | eng |
| Transcribing agency | DLC |
| Modifying agency | BD-RjUL |
| 041 ## - LANGUAGE CODE | |
| Language code of text/sound track or separate title | eng |
| 082 04 - DEWEY DECIMAL CLASSIFICATION NUMBER | |
| Classification number | 820.9 |
| Author mark and year | COM 1979 |
| Edition number | 21 |
| 245 00 - TITLE STATEMENT | |
| Title | Commonwealth literature / |
| Statement of responsibility, etc. | introduction by William Walsh. |
| 260 ## - PUBLICATION, DISTRIBUTION, ETC. (IMPRINT) | |
| Place of publication, distribution, etc. | London : |
| Name of publisher, distributor, etc. | Macmillan, |
| Date of publication, distribution, etc. | 1979. |
| 300 ## - PHYSICAL DESCRIPTION | |
| Pagination | vii, 281 p. ; |
| Size | 24 cm. |
| 490 1# - SERIES STATEMENT | |
| Series statement | Great writers student library ; |
| Volume/sequential designation | 14 |
| 500 ## - GENERAL NOTE | |
| General note | Second series statement from jacket |
| 504 ## - BIBLIOGRAPHY, ETC. NOTE | |
| Bibliography, etc | Includes bibliographies. |
| 650 #0 - SUBJECT ADDED ENTRY--TOPICAL TERM | |
| Topical term or geographic name as entry element | Commonwealth literature (English) |
| General subdivision | History and criticism |
| 9 (RLIN) | 56028 |
| 700 1# - ADDED ENTRY--PERSONAL NAME | |
| Personal name | Walsh, William, |
| Dates associated with a name | 1916-1996 |
| 942 ## - ADDED ENTRY ELEMENTS (KOHA) | |
| Source of classification or shelving scheme | Dewey Decimal Classification |
| Koha item type | Books |
| Lost status | Source of classification or shelving scheme | Damaged status | Not for loan | Collection code | Permanent Location | Current Location | Shelving location | Date acquired | Source of acquisition | Total Checkouts | Full call number | Date last seen | Copy number | Koha item type |
|---|---|---|---|---|---|---|---|---|---|---|---|---|---|---|
| Dewey Decimal Classification | Non-fiction | Central Library, University of Rajshahi | Central Library, University of Rajshahi | 02/07/1988 | Britain, Gift | 820.9 COM 1979 | 19/02/2014 | C-2 | Books | |||||
| Dewey Decimal Classification | Not For Loan | Fiction | Central Library, University of Rajshahi | Central Library, University of Rajshahi | Reading Room | 02/07/1988 | 820.9 COM 1979 | 24/01/2017 | C-1 | Books |